The short textbook of medical microbiology / (رقم التسجيلة. 31334)

تفاصيل مارك
000 -الفاتح
حقل البيانات ثابتة الطول 00604nam a2200217 a 4500
001 - رقم الضبط
رقم الضبط ASIN0198084560
003 - محدد رقم الضبط
رقم الضبط OSt
005 - وقت وتاريخ اخر تعامل مع التسجيلة
رقم الضبط 20150408114143.0
008 - عناصر البيانات ثابتة الطول - معلومات عامة
حقل البيانات ثابتة الطول 130927s2010 xxu eng d
020 ## - الرقم الدولى المعيارى للكتب
الرقم الدولى المعيارى للكتاب 9788184488401
040 ## - مصدر الفهرسة
وكالة الفهرسة الأصلية Ma-Un
082 04 - رقم تصنيف ديوى العشرى
رقم التصنيف 616.01
100 1# - المدخل الرئيسى - إسم شخصى
الإسم الشخصى Gupta, Satish.
9 (RLIN) 37949
245 10 - بيان العنوان
العنوان The short textbook of medical microbiology /
بيان المسئوليه,etc Satish Gupta.
250 ## - بيان الطبعة
بيان الطبعة 10th. ed.
260 ## - PUBLICATION, DISTRIBUTION, ETC. (IMPRINT)
مكان الناشر او الموزع New Delhi:
اسم الناشر او الموزع Jaypee Brothers Medical Publishers
تاريخ النشر أو التوزيع 2010.
300 ## - الوصف المادى
التعداد 476 p. ;
أبعاد الوعاء 25 cm.
650 #0 - المدخل الاضافى بالموضوع-مصطلح موضوعى
مصطلح موضوعي أو اسم جغرافي كعنصر مدخل Medical microbiology
9 (RLIN) 4843
650 #0 - المدخل الاضافى بالموضوع-مصطلح موضوعى
مصطلح موضوعي أو اسم جغرافي كعنصر مدخل Parasitology
9 (RLIN) 18623
942 ## - عناصر المدخل الإضافي( كوها)
مصدر التصنيف او مخطط الترفيف Dewey Decimal Classification
Koha [default] item type كتاب
المقتنيات
حالة الفقد نموذج السعر الفعال حالة تلف ليس للاعارة رقم الطلب رقم النسخة تاريخ الاكتساب الموقع الحالي الباركود الفرع الرئيسي Date last seen نوع المادة فى نظام كوها مصدر التصنيف او خطة الترفيف Total Checkouts
  2013-10-19     616.01 GSS n1 2013-10-19 المكتبة المركزية بالمجمعة (CL) 00451473 المكتبة المركزية بالمجمعة (CL) 2013-10-19 كتاب Dewey Decimal Classification  
  2013-10-19     616.01 GSS n2 2013-10-19 المكتبة المركزية بالمجمعة (CL) 00451476 المكتبة المركزية بالمجمعة (CL) 2013-10-19 كتاب Dewey Decimal Classification  
  2013-10-19   Not For Loan 616.01 GSS n3 2013-10-19 المكتبة المركزية بالمجمعة (CL) 00451475 المكتبة المركزية بالمجمعة (CL) 2014-01-20 كتاب Dewey Decimal Classification  
  2013-10-19     616.01 GSS n1 2013-10-19 مكتبة مجمع الكليات بالزلفى - طلاب (SZM) 00451474 مكتبة مجمع الكليات بالزلفى - طلاب (SZM) 2013-10-19 كتاب Dewey Decimal Classification  
  2013-10-19     616.01 GSS n2 2013-10-19 مكتبة مجمع الكليات بالزلفى - طلاب (SZM) 00451478 مكتبة مجمع الكليات بالزلفى - طلاب (SZM) 2013-10-19 كتاب Dewey Decimal Classification  
  2013-10-19   Not For Loan 616.01 GSS n3 2013-10-19 مكتبة مجمع الكليات بالزلفى - طلاب (SZM) 00451477 مكتبة مجمع الكليات بالزلفى - طلاب (SZM) 2013-10-19 كتاب Dewey Decimal Classification